|
|
|
|
| LEADER |
02555nam a2200457 a 4500 |
| 001 |
15522016 |
| 003 |
BD-DhAAL |
| 005 |
20250420114357.0 |
| 008 |
110813s2008 enka d 000 0 eng |
| 010 |
|
|
|a 2008279099
|
| 020 |
|
|
|a 9780521885416 ( w/ CD-ROM)
|
| 020 |
|
|
|a 9780521712668 (pbk. w/ CD-ROM)
|
| 020 |
|
|
|a 9780521858045
|
| 020 |
|
|
|a 9780521674683 (pbk.)
|
| 020 |
|
|
|a 9780521732130
|
| 020 |
|
|
|a 9780521732123
|
| 020 |
|
|
|a 9780521759359
|
| 040 |
|
|
|a DLC
|c DLC
|d DLC
|d BD-DhAAL
|
| 050 |
0 |
0 |
|a PE1628
|b .C23 2008
|
| 082 |
0 |
0 |
|a 423
|2 22
|
| 245 |
0 |
0 |
|a Cambridge advanced learner's dictionary.
|
| 250 |
|
|
|a Third edition
|
| 260 |
|
|
|a Cambridge ;
|b Cambridge University Press,
|c c2008 [Reprinted 2012].
|
| 300 |
|
|
|a 1699 pages :
|b ill. (some col.) ;
|c 24 cm. +
|e 1 CD-ROM (4 3/4 in.)
|
| 500 |
|
|
|a "First published 1995 as Cambridge International Dictionary of English"--T.p. verso.
|
| 526 |
|
|
|x Nurunnesa Sabera
DCO
CFL(present BIL)
Course name and no. N/A
|
| 541 |
|
|
|e 00018189
|
| 650 |
|
0 |
|a English language
|v Dictionaries.
|9 3539
|
| 650 |
|
0 |
|a English language
|v Textbooks for foreign speakers.
|9 726
|
| 710 |
2 |
|
|a Cambridge University Press.
|9 3540
|
| 740 |
0 |
|
|a Cambridge international dictionary of English.
|
| 852 |
1 |
|
|a Ayesha Abed Library
|c General Shelf.
|
| 942 |
|
|
|2 ddc
|c BK
|
| 999 |
|
|
|c 11198
|d 11198
|
| 952 |
|
|
|0 0
|1 0
|2 ddc
|4 0
|6 423_CAM
|7 0
|9 17825
|a BRACUL
|b BRACUL
|c REF
|d 2011-08-13
|e A. H. Development Publishing House.
|g 500.00
|l 2
|m 7
|o 423 CAM
|p 3010018189
|r 2026-04-13
|s 2026-02-18
|t 1
|w 2011-08-13
|y BK
|x Requisitioned by Nurunnesa Sabera, Department of CFL( present BIL) for the course named N/A
|
| 952 |
|
|
|0 0
|1 0
|2 ddc
|4 0
|6 423_000000000000000_CAM
|7 0
|9 23707
|a BRACUL
|b BRACUL
|c REF
|d 2013-11-19
|e Book View
|g 1180.00
|l 1
|o 423 CAM
|p 3010027764
|r 2015-08-26
|s 2015-08-24
|t 2
|w 2013-11-19
|y BK
|
| 952 |
|
|
|0 0
|1 0
|2 ddc
|4 0
|6 423_000000000000000_CAM
|7 0
|9 23708
|a BRACUL
|b BRACUL
|c AV
|d 2013-11-19
|e Book View
|l 0
|o 423 CAM
|p 4010027764
|r 2013-11-19
|t 1
|w 2013-11-19
|y AV
|
| 952 |
|
|
|0 0
|1 0
|2 ddc
|4 0
|6 423_000000000000000_CAM
|7 1
|9 43612
|a SCL
|b SCL
|c REF
|d 2011-09-25
|g 590.00
|l 0
|o 423 CAM
|p 3020007580
|r 2014-09-01
|t 3
|w 2014-09-01
|y BK
|
| 952 |
|
|
|0 0
|1 0
|2 ddc
|4 0
|6 423_000000000000000_CAM
|7 1
|9 43613
|a SCL
|b SCL
|c REF
|d 2011-09-25
|g 590.00
|l 0
|o 423 CAM
|p 3020007581
|r 2014-09-01
|t 4
|w 2014-09-01
|y BK
|
| 952 |
|
|
|0 0
|1 0
|2 ddc
|4 0
|6 423_000000000000000_CAM
|7 0
|9 61656
|a SCL
|b SCL
|c AV
|d 2017-10-29
|l 0
|o 423 CAM
|p 4020007580
|r 2017-10-29
|t 2
|w 2017-10-29
|y AV
|
| 952 |
|
|
|0 0
|1 0
|2 ddc
|4 0
|6 423_000000000000000_CAM
|7 0
|9 61657
|a SCL
|b SCL
|c AV
|d 2017-10-29
|l 0
|o 423 CAM
|p 4020007581
|r 2017-10-29
|t 3
|w 2017-10-29
|y AV
|